AKC Dog Breeds by Any Word Quiz Stats

 Plays Quiz Updated Sep 14, 2018

Also try: Dog Faces
Challenge
Share
Tweet
Embed
Score 0/194 Timer 14:00
5 Plays Today
% Correct
Miniature Bull Terrier
96.1%
Staffordshire Bull Terrier
95.9%
Bull Terrier
95.9%
American Staffordshire Terrier
95.2%
Black Russian Terrier
94.6%
Irish Terrier
94.5%
Australian Terrier
94.3%
Toy Fox Terrier
94.3%
West Highland White Terrier
94.2%
Wire Fox Terrier
94.1%
Yorkshire Terrier
94.1%
Border Terrier
93.9%
Scottish Terrier
93.8%
Welsh Terrier
93.8%
Kerry Blue Terrier
93.8%
Boston Terrier
93.8%
German Shepherd Dog
93.7%
Airedale Terrier
93.6%
Parson Russell Terrier
93.5%
Cairn Terrier
93.5%
Rat Terrier
93.5%
Tibetan Terrier
93.5%
Russell Terrier
93.4%
Soft Coated Wheaten Terrier
93.4%
Norfolk Terrier
93.4%
Bedlington Terrier
93.3%
Norwich Terrier
93.3%
Dandie Dinmont Terrier
93.3%
Skye Terrier
93.3%
Glen of Imaal Terrier
93.3%
Manchester Terrier
93.3%
Lakeland Terrier
93.3%
Cesky Terrier
93.3%
Silky Terrier
93.3%
Sealyham Terrier
93.2%
American Hairless Terrier
93.1%
Smooth Fox Terrier
92.6%
American Water Spaniel
90.8%
English Toy Spaniel
90.8%
English Cocker Spaniel
90.6%
English Springer Spaniel
90.2%
Irish Water Spaniel
89.6%
Labrador Retriever
89.1%
Basset Hound
88.7%
Afghan Hound
88.7%
American Eskimo Dog
88.6%
Ibizan Hound
87.6%
Pharaoh Hound
87.6%
Anatolian Shepherd Dog
87.1%
American English Coonhound
86.9%
Golden Retriever
86.8%
Australian Cattle Dog
86.1%
Welsh Springer Spaniel
85.6%
Spanish Water Dog
85.5%
English Setter
85.3%
Old English Sheepdog
84.8%
Portuguese Water Dog
84.7%
Irish Red and White Setter
84.7%
German Wirehaired Pointer
84.5%
German Shorthaired Pointer
84.4%
German Pinscher
84.2%
Cocker Spaniel
83.3%
French Bulldog
83.1%
Poodle
83%
Cavalier King Charles Spaniel
82.9%
% Correct
Australian Shepherd
82.8%
Bernese Mountain Dog
82.8%
Tibetan Spaniel
82.6%
Greater Swiss Mountain Dog
82.6%
Clumber Spaniel
81.6%
Field Spaniel
81.6%
Boykin Spaniel
81.6%
Sussex Spaniel
81.5%
Entlebucher Mountain Dog
81.3%
Curly-Coated Retriever
81.1%
English Foxhound
81.1%
Flat-Coated Retriever
80.9%
Chesapeake Bay Retriever
80.5%
Nova Scotia Duck Tolling Retriever
80.4%
Irish Setter
80.3%
American Foxhound
80.2%
Canaan Dog
78%
Irish Wolfhound
74.2%
Pyrenean Shepherd
69.8%
Black and Tan Coonhound
69.1%
Miniature Pinscher
68.8%
Border Collie
67.7%
Bulldog
67.3%
Miniature Schnauzer
66.8%
Great Dane
66.5%
Doberman Pinscher
66.1%
Saint Bernard
65.5%
Pembroke Welsh Corgi
65.5%
Cardigan Welsh Corgi
65.5%
Bearded Collie
65.4%
Italian Greyhound
65.2%
Collie
65.2%
Great Pyrenees
63.4%
Gordon Setter
62.8%
Siberian Husky
61%
Chinese Shar-Pei
60.2%
Pug
60%
Belgian Sheepdog
59.7%
Japanese Chin
59.7%
Beagle
58.4%
Chihuahua
58.1%
Scottish Deerhound
57.5%
Greyhound
57.2%
Chinese Crested
56.8%
Polish Lowland Sheepdog
56.8%
Tibetan Mastiff
56%
Standard Schnauzer
54.5%
Shetland Sheepdog
53.7%
Giant Schnauzer
53.6%
Icelandic Sheepdog
53.4%
Neapolitan Mastiff
52.3%
Mastiff
52.3%
Pointer
50.5%
Dachshund
49.2%
Dalmatian
46.9%
Alaskan Malamute
45.5%
Boxer
43.3%
Belgian Laekenois
43.2%
Grand Basset Griffon Vendéen
43.1%
Akita
42.8%
Belgian Malinois
42.5%
Chow Chow
41.8%
Rottweiler
41.7%
Belgian Tervuren
41.5%
Shih Tzu
40.9%
% Correct
Pomeranian
40.9%
Petit Basset Griffon Vendéen
39.7%
Dogue de Bordeaux
35.9%
Maltese
35.8%
Portuguese Podengo
35.5%
Newfoundland
35.1%
Coton de Tulear
34.9%
Bluetick Coonhound
34.8%
Treeing Walker Coonhound
34.4%
Redbone Coonhound
34.4%
Norwegian Elkhound
34%
Boerboel
33.1%
Norwegian Buhund
31.8%
Norwegian Lundehund
31.8%
Bichon Frise
31.5%
Finnish Spitz
31.1%
Whippet
30.6%
Bloodhound
30.4%
Wirehaired Vizsla
29.9%
Lhasa Apso
29.6%
Wirehaired Pointing Griffon
28.9%
Swedish Vallhund
28.6%
Rhodesian Ridgeback
27.5%
Finnish Lapphund
26.9%
Pekingese
25.9%
Shiba Inu
25.5%
Brussels Griffon
23.7%
Samoyed
22.8%
Vizsla
22.2%
Basenji
22%
Weimaraner
21.5%
Affenpinscher
20.5%
Borzoi
19.9%
Saluki
19.6%
Puli
19.1%
Papillon
19%
Havanese
17.5%
Brittany
14.5%
Cane Corso
14%
Bullmastiff
13.9%
Bouvier des Flandres
13.4%
Komondor
12.9%
Dogo Argentino
12.8%
Pumi
12.2%
Harrier
11.9%
Keeshond
11.9%
Briard
10.9%
Otterhound
10.9%
Peruvian Inca Orchid
9.7%
Chinook
9.6%
Spinone Italiano
9.5%
Leonberger
9.3%
Löwchen
9.2%
Plott
9.2%
Schipperke
8.9%
Kuvasz
8.8%
Beauceron
8.6%
Azawakh
8.5%
Nederlandse Kooikerhondje
7.2%
Sloughi
7.1%
Bergamasco
6.1%
Cirneco dell’Etna
5.9%
Xoloitzcuintli
5.7%
Norrbottenspets
3.2%

You're not logged in!

Compare scores with friends on all Sporcle quizzes.
OR
Log In

You Might Also Like...

Show Comments

Extras

Top Quizzes Today


Score Distribution

Your Account Isn't Verified!

In order to create a playlist on Sporcle, you need to verify the email address you used during registration. Go to your Sporcle Settings to finish the process.

Report this User

Report this user for behavior that violates our Community Guidelines.

Details: